000 01057nam0a22003011 4500
001 rc\4670235
005 20210923162222.0
021 _aRU
_bРг41226-87
035 _a(NLR Aleph) 008420736
090 _a9355139
_c9355139
100 _a20130416d1967 |||y0rusy50 ca
101 0 _arus
102 _aRU
105 _ay b |||||
200 1 _aПитатели Н-559-67-1
_e[Каталог]
_fМ-во пром-сти СССР. Главнии... Гос. проектный ин-т Гипрошахт
210 _aЛенинград
_cБ. и.
_d1967
215 _a145 с.
300 _aОтпеч. множит. аппаратом
300 _aНа 2-й с. сост.: инж. Наумов П.Ф., Пескалев С.Г.
702 1 _aНаумов
_bП. Ф.
_4220
702 1 _aПескалев
_bС. Г.
_4220
712 0 2 _a"Гипрошахт", институт
_cЛенинград
_3RU\NLR\AUTH\8810012468
801 0 _aRU
_bNLR
_gpsbo
801 1 _aRU
_bELAR
_2rusmarc
852 _aNLR
_jПт 26.2/449
942 _cBOOK
980 _aNB